Culture générale - Quiz spécial n°100 - Statistiques

Statistiques générales
  • Ce quiz a été pris 1 115 fois
    1 113 depuis la dernière actualisation
  • Le résultat moyen est 23 sur 83
Statistiques - réponses
Indice Réponse % Correct
Unité de mesure commençant par la lettre W Watt
79%
Premier jour de la semaine, dans l'ordre alphabétique Dimanche
74%
Il est le président ayant le plus largement gagné un second tour d'élections présidentielles, avec 82% des voix Jacques Chirac
66%
Petit jouet en bois commençant par la lettre Y Yo-yo
66%
Grand récipient en terre cuite commençant par la lettre J Jarre
62%
Complétez ces paroles : "___ _______ _ __ ____, et le soleil ne le sait pas" J'ai demandé à la Lune
60%
Quel impôt, parmi les suivants, n'était pas payé par les habitants de la Bretagne durant l'ancien régime : la taille, la dîme, la gabelle ou le cens ? La gabelle
58%
Pays où est localisée Gdansk Pologne
57%
Pays le plus proche de la France métropolitaine, pays frontaliers non-compris Royaume-Uni
56%
Seule ville d'Océanie "à visiter absolument dans une vie" selon Les guides du Routard Sydney
53%
Cet homme est la personnalité française la plus mentionnée sur les plaques de rues Charles de Gaulle
51%
Complétez ces paroles : "____ _ ___ ____ ________, elle a le regard qui tue" Elle a les yeux revolver
51%
Célèbre pont suspendu se trouvant à San Francisco Golden Gate
51%
Nommez un pays d'Afrique visité au moins 10 fois par un président de la Ve République Maroc | Tunisie
51%
Pays bordé par le Brésil, la Colombie et le Guyana Venezuela
45%
Pays actuel où se trouve les anciennes cités de Suse et de Persépolis Iran
43%
Nommez un pays ayant une densité de population supérieure au Vatican Bahreïn | Monaco | Singapour
42%
Candidate à la présidentielle ayant annoncé sa campagne la première, en janvier 2020 Marine Le Pen
41%
Prochain jour férié après la Fête nationale Assomption
39%
Nommez une des 4 plus grandes villes du Pas-de-Calais, autres que sa préfecture Boulogne-sur-Mer | Calais | Lens | Liévin
39%
Quel pays, parmi les suivants, ne partage pas de frontière avec l'Arabie Saoudite : la Jordanie, la Syrie, le Qatar ou le Koweït ? Syrie
39%
Ce pays compte 40 villes possédant un métro, pour un total de plus de 8500 km de lignes en service Chine
38%
Signification de la lettre Q dans le sigle "LGBTQIA+" Queer
38%
Dernière ville de France à s'être équipé d'un métro, ce qui en a fait la plus petite ville du monde à avoir un métro jusqu'en 2008 Rennes
38%
Pays terminant à la première place des Jeux Olympiques d'hiver de Pékin 2022 Norvège
37%
Capitale la plus proche de Paris Bruxelles
36%
Joueur de tennis espagnol ayant réalisé une percée remarquable dans le top 10 du classement ATP en mai 2022 Carlos Alcaraz
36%
Reconstituez le nom de ce pokémon de première génération, dont une partie des lettres a disparu : D_A_A_F_U Dracaufeu
36%
Animal et fruit commençant par la lettre K Kiwi
36%
Complétez cette liste des 5 plus grandes villes d'Espagne : Madrid, Barcelone, Valence, ..., Malaga Séville
35%
Un soldat y fut tué par Clovis pour avoir brisé un vase Soissons
35%
Seul élément du tableau période commençant par la lettre X Xénon
34%
Candidat aux présidentielles non-qualifié pour le second tour, à 2% près Jean-Luc Mélenchon
33%
Cette ville est la plus identifiée du Monde sur Instagram via le système de hashtags Londres
33%
Pays ayant l'indice de démocratie le plus élevé Norvège
33%
Type de surface sur lesquels jouent les tennisman à Roland-Garros Terre battue
32%
Partie extérieure d'agrumes tel que le citron commençant par la lettre Z Zeste
32%
Nommez une des deux villes (de plus de 40 000 habitants) les plus chaudes de France Bastia | Toulon
30%
Principal partenaire commercial de Saint-Vincent-et-les-Grenadines Etats-Unis
30%
Pays qui rejoint le prestigieux tournoi de rugby à XV en 2000, lui donnant le nom de Tournoi des 6 nations Italie
28%
Seul pays d'Amérique demandant un visa aux détenteurs d'un passeport français Cuba
27%
Nommez une ville de banlieue parisienne fréquentée par plus de 100 000 étudiants Créteil | Versailles
26%
Clip de musique le plus vu du monde (sans compter les comptines pour enfant) sur YouTube, avec plus de 7 milliards de vues Despacito
26%
Pays dans lequel se trouve la ville de Tataouine Tunisie
25%
Ville accueillant le plus long réseau de métro du monde Shanghai
24%
Pays le plus visité par Macron durant son premier mandat Belgique
22%
Département se trouvant juste à l'est de la Vendée Deux-Sèvres
22%
Pays proposant le salaire horaire minimum le plus haut du monde, à près de 15$ par heure en nominal Luxembourg
22%
Joueur de tennis terminant l'année 2021 à la première place du classement ATP Novak Djokovic
22%
Premier pays, aujourd'hui disparu, à avoir légalisé l'avortement Union Soviétique
21%
Premier pays à acquérir son indépendance de la France, en 1804 Haïti
20%
Département traversé en voyageant de la Haute-Garonne jusqu'aux Landes Gers
19%
Cet artiste a remporté 3 catégories lors des Victoires de la Musique 2022 Orelsan
18%
Joueur de tennis atteignant pour la première fois la 6ème place de l'ATP en juin 2022 notamment grâce à sa qualification pour la finale de Roland-Garros Casper Ruud
17%
Langue principale du Kenya, de l'Ouganda et de la Tanzanie Swahili
17%
Cet album de Nekfeu est le plus rapide du rap français à avoir été certifié "disque de diamant" Les Etoiles Vagabondes
16%
Chef-lieu du Roussillon (province d'Ancien Régime) Perpignan
16%
Département où est localisée Vichy Allier
14%
Plus grande ville italophone de Suisse Lugano
14%
Année durant laquelle Louis-Napoléon Bonaparte devient empereur des Français 1852
11%
Nommez un des départements duquel vous devez traverser au moins 5 départements pour atteindre la mer Bas-Rhin | Doubs | Haut-Rhin | Moselle | Territoire de Belfort
11%
Préfecture la plus proche de Paris Nanterre
11%
Auteur de La République Platon
11%
Nommez un des deux sorts les plus utilisés dans les livres Harry Potter Accio | Expecto Patronum
10%
La musique la plus écoutée d'Orelsan sur Spotify, en collaboration avec Damso Rêves Bizarres
10%
Département dans lequel se trouve la ville du Creusot Saône-et-Loire
10%
Nom du sommet de la Cordillère des Andes, en Argentine Aconcagua
9%
Nommez une ville de plus d'Auvergne-Rhône-Alpes de plus de 15 000 habitants traversée par le Tour de France 2022, autre que Grenoble ou Saint-Etienne Albertville | Cluses | Le-Puy-en-Velay | Sallanches | Thonon-les-Bains | Vienne
9%
Deuxième département français au plus fort IDH, au coude-à-coude avec Paris Hauts-de-Seine
9%
Pays où est localisée Urümqi Chine
8%
Cette femme est la personnalité française la plus mentionnée sur les plaques de rues (les saintes ne sont pas comptées) Jeanne d'Arc
8%
Nommez un pays où sont mobilisés des militaires français dans le cadre de l'opération Chammal Irak | Syrie
7%
Musique la plus écoutée du monde sur Spotify, avec plus de 3 milliards de streams Shape of You
7%
Jeu le plus vendu de l'année 2020, ayant pour particularité de ne pas être un opus FIFA Animal Crossing : New Horizons
6%
Station de métro de Lille portant le nom du fameux marché qui s'y trouve Wazemmes
6%
Le seul pays hors-Europe à avoir fermé son espace aérien aux avions russes suite à l'invasion de l'Ukraine débutée en février 2022 Canada
5%
Dernière ville des Etats-Unis (sans compter Porto Rico) à s'être équipée d'un métro en 1993, ce qui en fait la 11ème ville du pays à accueillir ce mode de transport Los Angeles
5%
Signification de la lettre X dans le sigle "BATX" Xiaomi
5%
Agglomération de France la plus peuplée dont la ville centre ne fait pas partie des 100 villes les plus peuplées de France Douai-Lens
3%
3eme ville d'Europe à accueillir le plus de touristes internationaux, après Londres et Paris Istanbul
2%
Département où le poids du vote y est le plus fort Mayotte
2%
Nommez une des deux villes (de plus de 40 000 habitants) les plus froides de France Charleville-Mézières | Thionville
1%
Ville chinoise dont le port est le plus grand du monde, en termes de trafic de marchandises Ningbo
1%
Aucun quiz correspondant
Distribution des résultats
% des personnes avec chaque résultat
Percentile par nombre de réponses
Votre historique - résultats
Vous n’avez pas pris ce quiz depuis la dernière actualisation